[Event "27th Kavala Open 2018"]
[Site "Kavala"]
[Date "2018.08.06"]
[Round "3"]
[White "Ivanov, Sergey"]
[Black "Nikolaou, Spiridon"]
[Result "1/2-1/2"]
[WhiteElo "2535"]
[BlackElo "2207"]
[Annotator "TA"]
[PlyCount "99"]
[EventDate "2018.08.06"]
[EventType "swiss"]
[EventCountry "GRE"]
[SourceTitle "playchess.com"]
[Source "ChessBase"]
[SourceQuality "1"]

{[%evp 20,99,24,25,25,0,16,8,16,10,8,0,10,0,30,20,39,4,23,-37,-29,-40,0,0,0,-63,-58,-66,-50,-61,-28,-20,0,-26,0,0,0,0,0,0,0,0,0,0,0,0,0,0,0,0,0,0,0,0,0,0,0,0,0,0,0,0,0,0,0,0,0,0,0,0,0,0,0,0,0,0,0,0,0,0,0,0]} 1. d4 Nf6 2. c4 g6 3. Nc3 Bg7 4. e4 d6 5. Nf3 O-O 6. Be2 e5 7. O-O Nc6 8. d5 Ne7 9. b4 {[%cal Bb2b4,Bb4b5][%mdl 32]} Nh5 10. g3 a5 {E97: King's Indian: Classical Main Line (6...e5 7 0-0 Nc6): 8 Be3 and 8 d5 Ne7, not 9 Ne1} (10... f5 11. Ng5 Nf6 12. Bf3 Kh8 13. b5 a6 14. a4 h6 15. Ne6 Bxe6 16. dxe6 fxe4 17. Bxe4 Nxe4 18. Nxe4 Qc8 19. Qg4 axb5 20. cxb5 {0-1 (43) Kozul,Z (2611)-Saric,I (2677) Pozega 2018}) 11. b5 {LiveBook: 3 Games} b6 12. Nh4 Nf6 13. Be3 {[#]} Ne8 $146 ({Predecessor:} 13... Bh3 14. Re1 h6 15. f3 Nd7 16. Bd3 g5 17. Ng2 f5 18. exf5 {½-½ (57) Gunina,V (2533)-Ju,W (2518) St Petersburg 2012}) 14. Qd2 Bh3 15. Rfe1 f5 16. exf5 gxf5 17. f4 e4 18. Bd4 Ng6 19. Nxg6 (19. Bxg7 $11 Nxg7 20. Nxg6 hxg6 21. Nd1) 19... hxg6 20. Nd1 {[#] Nf2 is the strong threat.} Kf7 21. Nf2 Rh8 $1 22. Rac1 ({White should play} 22. Bxg7 $11 Kxg7 23. Rac1 (23. Nxh3 Rxh3 24. Kg2 Rh7 $15)) 22... Bxd4 $1 $15 23. Qxd4 Nf6 24. Rc3 Qd7 25. Re3 Rae8 26. Bd1 Qc8 (26... Qe7 {is more complex.} 27. Qc3 Rh6 28. Qd4 Rh7 29. Be2 Rf8) 27. g4 {The position is equal.} Bxg4 28. Bxg4 fxg4 29. Nxe4 Nxe4 30. Rxe4 Rxe4 31. Qxe4 $11 {[%mdl 4096] [#] Endgame Strongly threatening Qe7+. KQR-KQR} Qd7 $1 32. Kg2 Rh3 33. Re3 Rh7 34. Qd3 Qf5 35. Qe2 Kg7 36. Re7+ Kh6 37. Rxh7+ Kxh7 {KQ-KQ} 38. Kg3 Kh6 39. Qxg4 Qd3+ 40. Kh4 {Threatens to win with Qg5+.} Qxc4 41. Qg5+ Kh7 42. Qe7+ Kh6 $1 43. Qf8+ Kh7 44. Qf7+ Kh6 45. a4 (45. Qf6 {seems wilder.} Kh7 46. Qf7+) 45... Qd4 46. Qf8+ Kh7 47. Qe7+ Kh6 48. Qg5+ Kh7 49. Qe7+ Kh6 50. Qg5+ {Precision: White = 44%, Black = 63%.} 1/2-1/2

[Event "27th Kavala Open 2018"]
[Site "Kavala"]
[Date "2018.08.06"]
[Round "3"]
[White "Kelires, Andreas"]
[Black "Ambartsumova, Karina"]
[Result "1-0"]
[WhiteElo "2531"]
[BlackElo "2377"]
[Annotator "ChessBase"]
[PlyCount "75"]
[EventDate "2018.08.06"]
[EventType "swiss"]
[EventCountry "GRE"]
[SourceTitle "playchess.com"]
[Source "ChessBase"]
[SourceQuality "1"]
[TimeControl "40/5400+30:900+30"]

1. d4 {[%emt 0:03:31]} Nf6 {[%emt 0:00:40]} 2. c4 {[%emt 0:00:09]} e6 {[%emt 0:03:53]} 3. Nf3 {[%emt 0:00:17]} d5 {[%emt 0:00:19]} 4. g3 {[%emt 0:00:05]} dxc4 {[%emt 0:01:21]} 5. Bg2 {[%emt 0:01:02]} Nc6 {[%emt 0:01:31]} 6. O-O {[%emt 0:00:16]} Rb8 {[%emt 0:03:27]} 7. e3 {[%emt 0:00:31]} b5 {[%emt 0:05:44]} 8. b3 {[%emt 0:02:43]} cxb3 {[%emt 0:01:21]} 9. axb3 {[%emt 0:00:06]} a6 {[%emt 0:05:31]} 10. Ne1 {[%emt 0:02:26]} Nb4 {[%emt 0:05:19]} 11. Bd2 {[%emt 0:04:52]} Be7 {[%emt 0:08:43]} 12. Bxb4 {[%emt 0:11:42]} Bxb4 {[%emt 0:00:06]} 13. Nd3 {[%emt 0:00:04]} Bd6 {[%emt 0:09:25]} 14. Nd2 {[%emt 0:07:43]} O-O {[%emt 0:01:49]} 15. Qe2 {[%emt 0:00:59]} Nd7 {[%emt 0:07:59]} 16. Ne4 {[%emt 0:04:41]} e5 {[%emt 0:05:36]} 17. Nxd6 {[%emt 0:03:46]} cxd6 {[%emt 0:00:05]} 18. Nb4 {[%emt 0:00:17]} Rb6 {[%emt 0:03:39]} 19. Rfc1 {[%emt 0:04:11]} Nf6 {[%emt 0:03:03]} 20. Qd2 {[%emt 0:06:41]} Qd7 {[%emt 0:08:21]} 21. dxe5 {[%emt 0:08:22]} dxe5 {[%emt 0:00:22]} 22. Qxd7 {[%emt 0:00:44]} Bxd7 {[%emt 0:00:39]} 23. Nxa6 {[%emt 0:00:14]} Rc8 {[%emt 0:11:52]} 24. Rxc8+ {[%emt 0:01:59]} Bxc8 {[%emt 0:00:01]} 25. Nb4 {[%emt 0:00:23]} Re6 {[%emt 0:06:29]} 26. Bc6 {[%emt 0:06:16]} Bd7 {[%emt 0:01:05]} 27. Bxd7 {[%emt 0:00:08]} Nxd7 {[%emt 0:00:02]} 28. Ra8+ {[%emt 0:00:06]} Nf8 {[%emt 0:00:02]} 29. Rb8 {[%emt 0:01:02]} f6 {[%emt 0:02:52]} 30. Rxb5 {[%emt 0:00:53]} Rd6 {[%emt 0:00:06]} 31. Kg2 {[%emt 0:01:22]} Ne6 {[%emt 0:01:09]} 32. Nd5 {[%emt 0:01:00]} Rd7 {[%emt 0:00:26]} 33. b4 {[%emt 0:02:49]} Kf7 {[%emt 0:02:29]} 34. Ra5 {[%emt 0:01:18]} g6 {[%emt 0:00:51]} 35. e4 {[%emt 0:04:49]} f5 {[%emt 0:00:33]} 36. exf5 {[%emt 0:02:20]} gxf5 {[%emt 0:00:02]} 37. Ne3 {[%emt 0:03:05]} Kf6 {[%emt 0:00:43]} 38. Ra6 {[%emt 0:02:18]} 1-0

[Event "27th Kavala Open 2018"]
[Site "Kavala"]
[Date "2018.08.06"]
[Round "3"]
[White "Iljin, Artem"]
[Black "Giannoulakis, Lampros"]
[Result "1/2-1/2"]
[WhiteElo "2520"]
[BlackElo "2287"]
[Annotator "ChessBase"]
[PlyCount "54"]
[EventDate "2018.08.06"]
[EventType "swiss"]
[EventCountry "GRE"]
[SourceTitle "playchess.com"]
[Source "ChessBase"]
[SourceQuality "1"]
[TimeControl "40/5400+30:900+30"]

1. Nf3 {[%emt 0:00:23]} Nf6 {[%emt 0:00:11]} 2. c4 {[%emt 0:00:33]} g6 {[%emt 0:00:17]} 3. g3 {[%emt 0:00:32]} Bg7 {[%emt 0:00:31]} 4. Bg2 {[%emt 0:00:12]} O-O {[%emt 0:00:08]} 5. O-O {[%emt 0:00:28]} d6 {[%emt 0:00:19]} 6. d4 {[%emt 0:00:28]} Nc6 {[%emt 0:00:12]} 7. Nc3 {[%emt 0:01:01]} a6 {[%emt 0:02:12]} 8. d5 {[%emt 0:17:11]} Na5 {[%emt 0:00:12]} 9. b3 {[%emt 0:01:37]} c5 {[%emt 0:00:28]} 10. dxc6 {[%emt 0:00:57]} Nxc6 {[%emt 0:01:03]} 11. Bg5 {[%emt 0:02:04]} h6 {[%emt 0:04:23]} 12. Bd2 {[%emt 0:01:47]} Be6 {[%emt 0:05:55]} 13. Qc1 {[%emt 0:13:20]} Kh7 {[%emt 0:00:24]} 14. Rd1 {[%emt 0:00:58]} Rc8 {[%emt 0:03:12]} 15. Qa3 {[%emt 0:13:34]} b5 {[%emt 0:04:47]} 16. Qxa6 {[%emt 0:06:47]} bxc4 {[%emt 0:07:23]} 17. bxc4 {[%emt 0:00:59]} Nb4 {[%emt 0:00:34]} 18. Qb5 {[%emt 0:02:13]} Nc2 {[%emt 0:01:53]} 19. Rac1 {[%emt 0:01:01]} Na3 {[%emt 0:00:49]} 20. Qb4 {[%emt 0:05:59]} Nxc4 {[%emt 0:03:33]} 21. Nd4 {[%emt 0:01:09]} Nxd2 {[%emt 0:06:16]} 22. Nxe6 {[%emt 0:05:28]} fxe6 {[%emt 0:00:09]} 23. Rxd2 {[%emt 0:00:04]} Rb8 {[%emt 0:03:12]} 24. Qh4 {[%emt 0:04:26]} Qa5 {[%emt 0:02:33]} 25. Qa4 {[%emt 0:09:07]} Qb6 {[%emt 0:22:37]} 26. e3 {[%emt 0:00:41]} d5 {[%emt 0:02:09]} 27. Ne2 {[%emt 0:01:50]} Rfc8 {[%emt 0:03:16]} 1/2-1/2

[Event "27th Kavala Open 2018"]
[Site "Kavala"]
[Date "2018.08.06"]
[Round "3"]
[White "Dimitrov, Radoslav"]
[Black "Papadopoulos, Georgios"]
[Result "1-0"]
[WhiteElo "2518"]
[BlackElo "2354"]
[Annotator "TA"]
[PlyCount "89"]
[EventDate "2018.08.06"]
[EventType "swiss"]
[EventCountry "GRE"]
[SourceTitle "playchess.com"]
[Source "ChessBase"]
[SourceQuality "1"]

{[%evp 12,89,0,-5,0,0,0,0,0,0,-1,-2,0,-8,-10,-18,8,0,0,0,5,0,0,-2,0,0,-8,-12,-5,-59,-22,-22,-32,-42,-28,-41,44,44,42,39,46,48,91,78,70,79,93,93,167,163,182,179,181,168,162,168,199,203,287,246,245,233,293,297,329,312,377,373,350,188,263,253,1688,1655,1521,1702,1356,1360,29995,29996]} 1. b3 d5 2. e3 Bf5 3. Nf3 e6 4. c4 c6 5. Bb2 Nf6 6. Nc3 {A12: English Opening: 1...c6 with b3 by White} Nbd7 (6... h6 7. d4 Ne4 8. a3 Nd7 9. Bd3 Ndf6 10. O-O Bd6 11. Ne2 O-O 12. cxd5 cxd5 13. Ne5 Nd7 {½-½ (74) Short,N (2692)-Howell,D (2634) England 2013}) 7. d4 {LiveBook: 4 Games} Ne4 8. Nxe4 {The position is equal.} Bxe4 9. Nd2 Bg6 10. Be2 Bd6 11. O-O $146 ({Predecessor:} 11. h4 h6 {0-1 (42) Hund,G (2032)-Gikas,A (2175) Kerpen 1998}) 11... O-O 12. Bf3 a5 13. g3 f5 14. Qc1 Qe7 15. a4 Bb4 16. Ba3 Nf6 17. Bd1 e5 18. dxe5 Qxe5 {Strongly threatening ...Bxd2.} 19. Bb2 Qe7 20. Bd4 (20. cxd5 $11 cxd5 21. Ba3) 20... f4 21. exf4 Bd3 22. Bf3 Bxf1 23. Nxf1 {[%cal Bd2f1,Bf1e3,Be3d5][%mdl 32]} Ne4 (23... Rad8 $15) 24. cxd5 $14 cxd5 25. Ne3 Rad8 26. Qc2 Bc5 27. Bxc5 Nxc5 28. Nxd5 Qd6 29. Rc1 Na6 (29... Ne6 $16 30. Qc3 Kh8) 30. Qc3 $1 $18 Nb4 31. Nxb4 axb4 32. Qc4+ Kh8 33. Bxb7 Qb6 34. Bd5 Rd6 (34... Rde8 $142 35. Be4 g5) 35. Qc5 Qxc5 36. Rxc5 {[%mdl 4096] Endgame KRR-KRB} g6 37. Bc4 Rd2 38. Kg2 Rfd8 39. a5 Ra2 40. Bd5 (40. a6 $142) 40... Rd7 {[#]} (40... Kg7 $142 41. Kf3 Kf8) 41. g4 $1 {[%cal Bg3g4,Bg4g5][%mdl 32]} Ra7 $2 (41... h6 42. Bc4 Rdd2) 42. Rc8+ Kg7 {[#]} 43. Rg8+ $1 Kf6 44. g5+ Kf5 45. Kg3 {Precision: White = 63%, Black = 45%.} 1-0

[Event "27th Kavala Open 2018"]
[Site "Kavala"]
[Date "2018.08.06"]
[Round "3"]
[White "Maghalashvili, Davit"]
[Black "Markidis, Konstantinos"]
[Result "1-0"]
[WhiteElo "2508"]
[BlackElo "2335"]
[Annotator "TA"]
[PlyCount "85"]
[EventDate "2018.08.06"]
[EventType "swiss"]
[EventCountry "GRE"]
[SourceTitle "playchess.com"]
[Source "ChessBase"]
[SourceQuality "1"]

{[%evp 16,85,32,36,64,58,67,64,102,93,68,62,150,166,166,162,211,218,289,286,360,371,363,368,362,375,393,333,401,280,280,279,345,334,590,653,629,506,500,480,725,729,679,724,720,716,701,670,610,556,866,843,851,804,1651,1110,2571,2731,29987,29982,29980,29981,29979,29980,29987,29988,29984,29978,6130,2458,2066,2035]} 1. c4 e6 2. Nc3 d5 3. d4 Be7 4. cxd5 exd5 5. Bf4 c6 6. e3 Bf5 7. g4 Be6 8. h3 Nf6 9. Bd3 {LiveBook: 12 Games. D31: Queen's Gambit Declined: Semi-Slav without ...Nf6 (+ Marshall Gambit and Noteboom) and Exchange Variation lines without ...Nf6} Qb6 $146 ({Predecessor:} 9... Nbd7 10. Nge2 c5 11. dxc5 Nxc5 12. Bb5+ Bd7 13. g5 Nfe4 14. Bxd7+ Qxd7 15. Qxd5 Rd8 16. Qxd7+ Rxd7 17. Nxe4 Nxe4 {1-0 (54) Zherebukh,Y (2629)-Kuzmicz,K (2464) Haarlem 2012}) 10. Nge2 Nbd7 11. Qc2 {White is slightly better.} h6 12. O-O-O a5 13. f3 Qd8 ({Black should play} 13... a4 $14) 14. h4 $16 {[%cal Bh3h4,Bh4g5][%mdl 32]} Nb6 15. Ng3 Bd6 16. g5 Bxf4 17. exf4 hxg5 18. hxg5 Rxh1 19. Rxh1 Qd6 20. Nce2 ({Weaker is} 20. gxf6 Qxf4+ 21. Qd2 Qxg3 $18) 20... Ng8 21. Rh7 Rc8 22. Rh8 Ke7 23. Bh7 g6 {and the idea ...Nf6 leaves Black hopeful.} 24. f5 ({But not} 24. Bxg8 Qb4 $18) (24. Rxg8 Rxg8 25. Bxg8 Kf8 $18) 24... c5 $2 {[#]} (24... Bxf5 {is a better defense.} 25. Qb3 c5) 25. Rxg8 $18 Rc7 26. Kb1 cxd4 27. Qd2 d3 (27... Nc4 $142 28. Qxd4 Qb4 29. Qf6+ Kd6 30. Rd8+ Kc6) 28. fxe6 Nc4 29. Qxd3 Qb4 30. Qc3 {[#] Intending Qf6+ and mate.} ({Not} 30. b3 $2 Qe1+ 31. Kc2 Ne5+ 32. Qc3 Rxc3+ 33. Nxc3 Qxg3 $19) 30... Nd2+ 31. Kc2 Rxc3+ 32. bxc3 Qb1+ 33. Kxd2 Qxa2+ 34. Ke3 Qb3 35. exf7 Kxf7 36. Rxg6 a4 37. Rf6+ Ke7 38. Nf5+ Kd7 39. Rf7+ Kd8 40. Nfd4 Qb6 41. Bc2 a3 42. Bb3 Qg6 43. Rf5 {Precision: White = 79%, Black = 33%.} 1-0

[Event "27th Kavala Open 2018"]
[Site "Kavala"]
[Date "2018.08.06"]
[Round "3"]
[White "Hasangatin, Ramil"]
[Black "Dorfanis, Ilarion"]
[Result "1-0"]
[WhiteElo "2491"]
[BlackElo "2183"]
[Annotator "ChessBase"]
[PlyCount "129"]
[EventDate "2018.08.06"]
[EventType "swiss"]
[EventCountry "GRE"]
[SourceTitle "playchess.com"]
[Source "ChessBase"]
[SourceQuality "1"]
[TimeControl "40/5400+30:900+30"]

1. e4 {[%emt 0:00:03]} e5 {[%emt 0:01:46]} 2. Nf3 {[%emt 0:00:11]} Nc6 {[%emt 0:00:28]} 3. Bb5 {[%emt 0:00:06]} Nf6 {[%emt 0:01:19]} 4. d3 {[%emt 0:00:47]} Bc5 {[%emt 0:01:04]} 5. Bxc6 {[%emt 0:00:12]} dxc6 {[%emt 0:00:18]} 6. Bg5 {[%emt 0:00:35]} Qd6 {[%emt 0:20:09]} 7. Nbd2 {[%emt 0:01:05]} Nd7 {[%emt 0:03:06]} 8. Nc4 {[%emt 0:03:54]} Qg6 {[%emt 0:01:52]} 9. O-O {[%emt 0:00:53]} f6 {[%emt 0:04:24]} 10. Be3 {[%emt 0:00:48]} Bxe3 {[%emt 0:01:56]} 11. fxe3 {[%emt 0:07:11]} Nb6 {[%emt 0:05:37]} 12. Na5 {[%emt 0:03:01]} Bh3 {[%emt 0:05:07]} 13. Nh4 {[%emt 0:19:05]} Qg5 {[%emt 0:01:10]} 14. Nxb7 {[%emt 0:03:04]} Bc8 {[%emt 0:14:53]} 15. Nf5 {[%emt 0:00:09]} Bxf5 {[%emt 0:01:54]} 16. exf5 {[%emt 0:04:34]} Qxe3+ {[%emt 0:02:26]} 17. Kh1 {[%emt 0:00:05]} O-O {[%emt 0:17:26]} 18. Qf3 {[%emt 0:09:46]} Nd5 {[%emt 0:02:17]} 19. Na5 {[%emt 0:01:08]} Qxf3 {[%emt 0:02:29]} 20. Rxf3 {[%emt 0:00:02]} Rab8 {[%emt 0:01:15]} 21. b3 {[%emt 0:03:41]} Nc3 {[%emt 0:00:49]} 22. d4 {[%emt 0:07:37]} Nb5 {[%emt 0:03:52]} 23. dxe5 {[%emt 0:00:42]} fxe5 {[%emt 0:00:50]} 24. Nxc6 {[%emt 0:00:43]} e4 {[%emt 0:01:47]} 25. Re3 {[%emt 0:04:42]} Rbe8 {[%emt 0:00:13]} 26. c4 {[%emt 0:01:28]} Nd6 {[%emt 0:00:10]} 27. g4 {[%emt 0:00:04]} h5 {[%emt 0:00:51]} 28. c5 {[%emt 0:04:15]} Nb7 {[%emt 0:00:32]} 29. b4 {[%emt 0:00:01]} hxg4 {[%emt 0:00:35]} 30. Nxa7 {[%emt 0:02:43]} Rxf5 {[%emt 0:00:27]} 31. Nb5 {[%emt 0:00:29]} Rf2 {[%emt 0:02:41]} 32. Nc3 {[%emt 0:05:31]} Re6 {[%emt 0:01:46]} 33. Kg1 {[%emt 0:01:41]} Rb2 {[%emt 0:00:18]} 34. Rb1 {[%emt 0:01:24]} Rc2 {[%emt 0:00:19]} 35. Rbe1 {[%emt 0:01:30]} Rh6 {[%emt 0:00:35]} 36. R1e2 {[%emt 0:01:05]} Rc1+ {[%emt 0:00:04]} 37. Kg2 {[%emt 0:00:16]} Rf6 {[%emt 0:01:10]} 38. Nxe4 {[%emt 0:01:17]} Rff1 {[%emt 0:00:13]} 39. Kg3 {[%emt 0:02:47]} Rg1+ {[%emt 0:00:46]} 40. Kh4 {[%emt 0:00:00]} Nd8 {[%emt 0:00:00]} 41. Ng5 {[%emt 0:01:23]} Rcf1 {[%emt 0:05:04]} 42. Rg3 {[%emt 0:06:55]} Rh1 {[%emt 0:01:22]} 43. Kxg4 {[%emt 0:00:38]} Rf8 {[%emt 0:01:14]} 44. Rf3 {[%emt 0:04:36]} Rg1+ {[%emt 0:00:47]} 45. Kh4 {[%emt 0:00:21]} Rxf3 {[%emt 0:01:24]} 46. Nxf3 {[%emt 0:00:00]} Rf1 {[%emt 0:00:41]} 47. Ng5 {[%emt 0:03:48]} Kf8 {[%emt 0:00:10]} 48. a3 {[%emt 0:01:24]} Nc6 {[%emt 0:03:23]} 49. Re3 {[%emt 0:02:44]} Rg1 {[%emt 0:01:00]} 50. Nf3 {[%emt 0:01:03]} Rg2 {[%emt 0:01:24]} 51. Kh3 {[%emt 0:00:26]} Rg6 {[%emt 0:01:07]} 52. Ne5 {[%emt 0:00:53]} Rh6+ {[%emt 0:00:27]} 53. Kg2 {[%emt 0:00:41]} Re6 {[%emt 0:01:42]} 54. Ng4 {[%emt 0:00:42]} Rg6 {[%emt 0:00:09]} 55. h3 {[%emt 0:00:20]} Ne7 {[%emt 0:00:23]} 56. b5 {[%emt 0:00:31]} Nd5 {[%emt 0:01:01]} 57. Rf3+ {[%emt 0:01:01]} Ke7 {[%emt 0:00:15]} 58. Kf2 {[%emt 0:01:15]} Rg5 {[%emt 0:01:05]} 59. a4 {[%emt 0:00:45]} Nb4 {[%emt 0:00:59]} 60. Rb3 {[%emt 0:01:32]} Rf5+ {[%emt 0:00:40]} 61. Kg3 {[%emt 0:00:55]} Nd5 {[%emt 0:00:14]} 62. a5 {[%emt 0:00:42]} Nf4 {[%emt 0:01:55]} 63. a6 {[%emt 0:00:23]} Ne2+ {[%emt 0:00:23]} 64. Kh2 {[%emt 0:00:10]} Nd4 {[%emt 0:00:31]} 65. a7 {[%emt 0:00:15]} 1-0

[Event "27th Kavala Open 2018"]
[Site "Kavala"]
[Date "2018.08.06"]
[Round "3"]
[White "Petrov, Martin"]
[Black "Markelova, Lubov"]
[Result "1-0"]
[WhiteElo "2456"]
[BlackElo "2143"]
[Annotator "RC"]
[PlyCount "73"]
[EventDate "2018.08.06"]
[EventType "swiss"]
[EventCountry "GRE"]
[SourceTitle "playchess.com"]
[Source "ChessBase"]
[SourceQuality "1"]
[TimeControl "40/5400+30:900+30"]

1. c4 {[%emt 0:00:13]} e6 {[%emt 0:02:56]} 2. Nf3 {[%emt 0:00:41]} Nf6 {[%emt 0:01:12]} 3. e3 {[%emt 0:01:33]} d5 {[%emt 0:01:22]} 4. Nc3 {[%emt 0:02:37]} c5 {[%emt 0:03:17]} 5. d4 {[%emt 0:01:15]} a6 {[%emt 0:05:24]} 6. cxd5 {[%emt 0:01:28]} exd5 {[%emt 0:01:35]} 7. Be2 {[%emt 0:00:19]} Nc6 {[%emt 0:01:24]} 8. O-O {[%emt 0:00:25]} Be7 {[%emt 0:01:56]} 9. dxc5 {[%emt 0:00:34]} Bxc5 {[%emt 0:00:48]} 10. b3 {[%emt 0:01:02]} O-O {[%emt 0:01:09]} 11. Bb2 {[%emt 0:00:08]} Qd6 {[%emt 0:15:40]} 12. Na4 {[%emt 0:09:07]} Ba7 {[%emt 0:07:07]} 13. Bxf6 {[%emt 0:00:24]} Qxf6 {[%emt 0:07:22]} 14. Qxd5 {[%emt 0:02:21]} Rd8 {[%emt 0:05:14]} 15. Qg5 {[%emt 0:01:29]} Qxg5 {[%emt 0:03:27]} 16. Nxg5 {[%emt 0:00:07]} h6 {[%emt 0:05:23]} 17. Nf3 {[%emt 0:02:06]} b5 {[%emt 0:02:30]} 18. Nc3 {[%emt 0:03:12]} Be6 {[%emt 0:01:23]} 19. Rfd1 {[%emt 0:06:17]} Nb4 {[%emt 0:03:56]} 20. a3 {[%emt 0:23:25]} Rxd1+ {[%emt 0:20:04]} 21. Bxd1 {[%emt 0:00:14]} Nd5 {[%emt 0:02:06]} 22. Ne2 {[%emt 0:03:47]} Rc8 {[%emt 0:02:47]} 23. Nfd4 {[%emt 0:05:50]} Bg4 {[%emt 0:01:51]} 24. h3 {[%emt 0:01:11]} Bxe2 {[%emt 0:00:30]} 25. Bxe2 {[%emt 0:00:05]} Rc3 {[%emt 0:01:11]} 26. Bf3 {[%emt 0:08:44]} Bxd4 {[%emt 0:00:52]} 27. exd4 {[%emt 0:00:05]} Nf4 {[%emt 0:00:17]} 28. b4 {[%emt 0:00:19]} Nxh3+ {[%emt 0:00:39]} 29. Kf1 {[%emt 0:00:29]} Nf4 {[%emt 0:00:34]} 30. Bb7 {[%emt 0:00:08]} Ne6 {[%emt 0:00:31]} 31. d5 {[%emt 0:00:08]} Rc7 {[%emt 0:00:31]} 32. Bxa6 {[%emt 0:00:39]} Nd4 {[%emt 0:00:24]} 33. Rd1 {[%emt 0:00:47]} Nc2 {[%emt 0:00:36]} 34. d6 {[%emt 0:00:10]} Rd7 {[%emt 0:00:11]} 35. Bxb5 {[%emt 0:00:17]} Rd8 {[%emt 0:00:03]} 36. Rd3 {[%emt 0:00:51]} Kf8 {[%emt 0:00:43]} 37. Ba4 {[%emt 0:00:28] Ke7} 1-0

[Event "27th Kavala Open 2018"]
[Site "Kavala"]
[Date "2018.08.06"]
[Round "3"]
[White "Sandalakis, Angelos"]
[Black "Liodakis, Konstantinos-Spyros"]
[Result "1-0"]
[WhiteElo "2444"]
[BlackElo "2172"]
[Annotator "NA"]
[PlyCount "111"]
[EventDate "2018.08.06"]
[EventType "swiss"]
[EventCountry "GRE"]
[SourceTitle "playchess.com"]
[Source "ChessBase"]
[SourceQuality "1"]
[TimeControl "40/5400+30:900+30"]

1. d4 {[%emt 0:00:04]} Nf6 {[%emt 0:06:13]} 2. c4 {[%emt 0:00:44]} g6 {[%emt 0:00:03]} 3. Nc3 {[%emt 0:00:44]} Bg7 {[%emt 0:02:32]} 4. e4 {[%emt 0:00:07]} d6 {[%emt 0:00:05]} 5. f3 {[%emt 0:00:07]} O-O {[%emt 0:00:16]} 6. Be3 {[%emt 0:00:11]} e5 {[%emt 0:02:58]} 7. Nge2 {[%emt 0:01:29]} Nc6 {[%emt 0:00:36]} 8. d5 {[%emt 0:00:53]} Ne7 {[%emt 0:00:06]} 9. Qd2 {[%emt 0:01:45]} c6 {[%emt 0:04:15]} 10. g4 {[%emt 0:03:18]} b5 {[%emt 0:05:44]} 11. g5 {[%emt 0:14:51]} Nh5 {[%emt 0:05:14]} 12. dxc6 {[%emt 0:03:58]} bxc4 {[%emt 0:01:34]} 13. O-O-O {[%emt 0:00:17]} Nxc6 {[%emt 0:01:35]} 14. Qxd6 {[%emt 0:02:31]} Nd4 {[%emt 0:07:47]} 15. Qxd8 {[%emt 0:03:32]} Rxd8 {[%emt 0:00:11]} 16. Nb5 {[%emt 0:00:45]} Be6 {[%emt 0:06:52]} 17. Nbxd4 {[%emt 0:10:19]} exd4 {[%emt 0:00:41]} 18. Bxd4 {[%emt 0:01:07]} Rab8 {[%emt 0:09:23]} 19. Bxg7 {[%emt 0:03:58]} Rxd1+ {[%emt 0:00:13]} 20. Kxd1 {[%emt 0:00:04]} Kxg7 {[%emt 0:00:04]} 21. Kc2 {[%emt 0:00:52]} Rd8 {[%emt 0:01:43]} 22. Bg2 {[%emt 0:01:23]} Rd3 {[%emt 0:03:43]} 23. Rd1 {[%emt 0:02:36]} Re3 {[%emt 0:00:29]} 24. Kd2 {[%emt 0:01:18]} Rd3+ {[%emt 0:00:58]} 25. Ke1 {[%emt 0:00:10]} f6 {[%emt 0:01:02]} 26. h4 {[%emt 0:03:36]} fxg5 {[%emt 0:01:19]} 27. hxg5 {[%emt 0:00:03]} h6 {[%emt 0:00:48]} 28. gxh6+ Kxh6 {[%emt 0:00:29]} 29. Nd4 {[%emt 0:19:24]} Bg8 {[%emt 0:03:09]} 30. Rxd3 {[%emt 0:04:25]} cxd3 {[%emt 0:00:08]} 31. b3 {[%emt 0:00:09]} Kg5 {[%emt 0:00:36]} 32. Bf1 {[%emt 0:00:59]} Kf4 {[%emt 0:02:23]} 33. Kd2 {[%emt 0:00:11]} g5 {[%emt 0:00:35]} 34. Bxd3 {[%emt 0:00:30]} Nf6 {[%emt 0:01:03]} 35. a4 {[%emt 0:07:42]} g4 {[%emt 0:07:58]} 36. fxg4 {[%emt 0:00:05]} Nxg4 {[%emt 0:00:04]} 37. b4 {[%emt 0:00:23]} Nf6 {[%emt 0:01:05]} 38. Nc6 {[%emt 0:05:20]} Bb3 {[%emt 0:01:46]} 39. a5 {[%emt 0:00:58]} Nxe4+ {[%emt 0:02:43]} 40. Bxe4 {[%emt 0:00:00]} Kxe4 {[%emt 0:00:00]} 41. Kc3 {[%emt 0:01:18]} Kd5 {[%emt 0:00:49]} 42. Nxa7 {[%emt 0:00:15]} Bc4 {[%emt 0:00:05]} 43. Nc6 {[%emt 0:01:38]} Bf1 {[%emt 0:01:29]} 44. Nd4 {[%emt 0:00:40]} Kd6 {[%emt 0:00:46]} 45. Nc2 {[%emt 0:05:40]} Kc6 {[%emt 0:01:07]} 46. Ne3 {[%emt 0:00:04]} Be2 {[%emt 0:00:29]} 47. Kb3 {[%emt 0:00:49]} Bd3 {[%emt 0:02:08]} 48. Nc2 {[%emt 0:01:27]} Kd5 {[%emt 0:00:35]} 49. Na3 {[%emt 0:03:37]} Be2 {[%emt 0:01:36]} 50. Nb1 {[%emt 0:00:50]} Kc6 {[%emt 0:00:20]} 51. Nc3 {[%emt 0:00:17]} Bd3 {[%emt 0:00:22]} 52. Ka3 {[%emt 0:00:17]} Kd6 {[%emt 0:01:41]} 53. Ka4 {[%emt 0:01:53]} Bf1 {[%emt 0:02:27]} 54. b5 {[%emt 0:00:17]} Kc5 {[%emt 0:00:10]} 55. Ne4+ {[%emt 0:00:40]} Kd4 56. b6 1-0